00347nam a2200133Ia 4500008004100000020002100041041001200062100001600074245006700090250000900157260003100166300000800197650000800205221220s9999 xx 000 0 und d a978-93-91211-080 aEnglish aG. P. Singh 0aPrinciples of Statutory Interpretation 15th Edcby G. P. Singh a15th bLexis NexisaHaryanac2022 a726 aLaw